In difesa della storia

-д хадгалсан:
Номзүйн дэлгэрэнгүй
Үндсэн зохиолч: Bretone, Mario (Зохиогч)
Формат: Ном
Хэл сонгох:итали
Хэвлэсэн: Roma Editori Laterza 2000
Хэвлэл:1a. ed
Цуврал:Il Nocciolo, 44
Нөхцлүүд:
Шошгууд: Шошго нэмэх
Шошго байхгүй, Энэхүү баримтыг шошголох эхний хүн болох!

MARC

LEADER 00000cam a2200000 a 4500
001 UCD9373
003 CL-VaPUC
008 170616e20000000it |||||||||||||||||ita|d
020 |a 8842061379 
082 0 4 |a 907.2  |b BRE  |2 21 
100 0 |a Bretone, Mario  |e author  |9 593072 
245 1 0 |a In difesa della storia 
250 |a 1a. ed 
300 |a 89 p 
942 |c BK 
945 |d 20170616 21:05:00  |a arojas 
260 |a Roma  |b Editori Laterza  |c 2000 
650 0 |a Fuentes de la historia  |9 323547 
650 0 |a Historiografía   |9 257871 
583 |a last modification  |c 20170616 21:05:00  |k Rodrigo Vera 
490 0 |a Il Nocciolo, 44 
999 |c 368583  |d 368581 
952 |0 0  |1 0  |3 erb  |4 0  |6 907_200000000000000_BRE_2000  |7 0  |8 A  |9 483941  |a FDOLAF  |b FDOLAF  |e Laffi, Umberto, 1939-  |i 539726K  |o 907.2 BRE 2000  |p 539726K  |r 2024-01-30  |w 2019-11-24  |y BK  |z Catalogado en:20170616  |k LAF